Automatizovaná extrakcia taxonomických vzťahov

Salvato in:
Dettagli Bibliografici
Autore principale: Pecár, Samuel (Autore)
Altri autori: Šimko, Marián (Relatore della tesi)
Natura: Manoscritto Libro
Lingua:slovacco
Pubblicazione: 2017
Soggetti:
Accesso online:http://is.stuba.sk/zp/portal_zp.pl?podrobnosti=126989
Tags: Aggiungi Tag
Nessun Tag, puoi essere il primo ad aggiungerne!!

MARC

LEADER 00000ntm a22000003a 4500
001 stuzp64618
003 SK-STU
005 20170624213653.6
007 ta
008 150427s2015----xo-----f-mn---000-0-slo-d
040 |a STU  |b slo 
041 0 |a slo 
100 1 |a Pecár, Samuel  |u 070200  |4 aut  |U FIIT Fakulta informatiky a informačných technológií  |T FIIT Ústav informatiky, informačných systémov a softvérového inžinierstva  |X 52918  |U I200  |Y 179  |7 52918 
242 0 1 |a Automatic taxonomy extraction  |y eng 
245 1 0 |a Automatizovaná extrakcia taxonomických vzťahov 
260 |c 2017 
650 4 |a extrakcia taxonomických vzťahov  |2 slo 
650 4 |a spracovanie textu v prirodzenom jazyku  |2 slo 
650 4 |a učenie ontológií  |2 slo 
650 4 |a taxonomy extraction  |2 eng 
650 4 |a natural language processing  |2 eng 
650 4 |a ontology learning  |2 eng 
700 1 |a Šimko, Marián  |u 070200  |k Z1  |4 ths  |U FIIT Fakulta informatiky a informačných technológií  |T FIIT Ústav informatiky, informačných systémov a softvérového inžinierstva  |X 30649  |U I200  |Y 179  |7 30649 
856 4 |u http://is.stuba.sk/zp/portal_zp.pl?podrobnosti=126989 
996 |b 11169  |c I* DP80/17  |l II680  |s P  |a 0  |w stuzp64618_0001